| 000 | 00356nam a2200145Ia 4500 | ||
|---|---|---|---|
| 008 | 230917s9999||||xx |||||||||||||| ||und|| | ||
| 040 |
_e150419 _aMAIN |
||
| 041 | _aEnglish | ||
| 082 | _a181.4 S92K | ||
| 100 | _aShukla, Shrishankar | ||
| 245 | 0 | _aKroche ka kalabarhan | |
| 260 |
_aVaranasi _bNagariprrackrri Sabha |
||
| 300 | _a125.00 p. | ||
| 942 | _cBK | ||
| 999 |
_c176857 _d176857 |
||